000 00932cam a22003137a 4500
003 CHAP
005 20220329135025.0
008 971013s1976 r 00010 d
010 _a29706
011 _a30678
035 _a34790
040 _cCHAP
082 _a589.3
_bL4
100 0 0 _aLewin, Ralph A.
_966496
245 1 4 _aThe genetics of algae
260 _aLondon :
_bBlackwell Scientific,
_c1976
300 _a360 p.
_b: ilus. ; gráfs.
490 0 _aBotanical monographs
_v; 12
590 _aBATCH-UPD
_b10
_c20130110
_lUCH01
_h0936
590 _aBATCH-UPD
_b10
_c20130410
_lUCH01
_h0554
590 _aBATCH-UPD
_b10
_c20130914
_lUCH01
_h0046
590 _aCONVERSION
_b10
_c20130109
_lUCH01
_h1317
650 1 4 _aAlgas.
_93947
650 1 4 _aAlgas
_xGenética.
_93950
830 0 _aBotanical monographs
_v; 12
_914449
901 _aBK
942 _cLIBRO
949 _a589.3 L4
_bBC
_cLIBRO
_d33724000375192
_eLIBRO
_h49103
_i34790
_si
999 _c29706
_d29706